00305nam a2200121 a 4500008004100000020001500041050001400056245004800070246001100118260002800129300001700157350000900174120416s0000 ||||||||||||||||| || u a0435936786 aQ 181 Uni10aNew Unesco source book for science teaching aUNESCO aOxfordbHeinemannc1975 a270p. : ill. a0.00